| 000 | 00622nam a22001937a 4500 | ||
|---|---|---|---|
| 005 | 20150717115803.0 | ||
| 010 | _aENG-113126 | ||
| 020 |
_a9789350355558 _c375.00 |
||
| 035 | _aEN-96658 | ||
| 037 | _bDBAD/PUB | ||
| 082 | _a920 | ||
| 100 | _aMalik, Lokendra | ||
| 245 |
_aTwo outstanding Indian judges H.R. Khanna & V.R. Krishna Iyer / _cby Lokendra Malik [and] Manish Arora |
||
| 260 |
_aNew Delhi _bUniversal Law Publishing _c2015 |
||
| 270 |
_aA-58, G.T. Karnal Road Industrial Area, _bNew Delhi _e110033 |
||
| 300 |
_axx,232p. _c23cm(Hb) |
||
| 700 | _aArora, Manish | ||
| 942 |
_2ddc _cEN _mMAL _h920 |
||
| 999 |
_c93779 _d93779 |
||